[Event "Yerevan op 2nd"]
[Site "Yerevan"]
[Date "2017.09.27"]
[Round "9"]
[White "Barseghyan, Narek"]
[Black "Davtyan, David"]
[Result "0-1"]
[WhiteElo "1733"]
[BlackElo "2096"]
[PlyCount "88"]
[EventDate "2017.09.19"]
[EventType "swiss"]
[EventRounds "9"]
[EventCountry "ARM"]
[SourceTitle "EXT 2018"]
[Source "ChessBase"]
[SourceDate "2017.10.13"]
[SourceVersion "1"]
[SourceVersionDate "2017.10.13"]
[SourceQuality "1"]

1. d4 Nf6 2. Nf3 e6 3. Bf4 d5 4. e3 c5 5. c3 Nc6 6. Nbd2 Be7 7. Bd3 0-0 8. Bb1 b6 9. Ne5 Bb7 10. Ndf3 Nd7 11. h4 f6 12. Bxh7+ Kxh7 13. Ng5+ fxg5 14. hxg5+ Kg8 15. Qh5 Ndxe5 16. dxe5 Rf5 17. g4 Rxg5 18. Bxg5 Bxg5 19. f4 Nxe5 20. fxg5 Qxg5 21. Qh7+ Kf7 22. Rf1+ Ke7 23. 0-0-0 Qxe3+ 24. Rd2 Nc4 25. Qxg7+ Kd6 26. Rfd1 Nxd2 27. Rxd2 Ba6 28. Kc2 Qe4+ 29. Kc1 Qe5 30. Qh6 Qe1+ 31. Rd1 Qe3+ 32. Kb1 Qe4+ 33. Ka1 Qxg4 34. Re1 Qf5 35. Qg7 Bb5 36. Qg3+ Kc6 37. Qg7 Rf8 38. Qe7 Qe4 39. Rc1 Rh8 40. b3 Qe3 41. Rc2 Bd3 42. Qxa7 Bxc2 43. Kb2 Bd3 44. Ka3 Qc1+ 0-1

[Event "Yerevan op 2nd"]
[Site "Yerevan"]
[Date "2017.09.26"]
[Round "8"]
[White "Mesropian, Khachatur"]
[Black "Barseghyan, Narek"]
[Result "0-1"]
[WhiteElo "1974"]
[BlackElo "1733"]
[PlyCount "96"]
[EventDate "2017.09.19"]
[EventType "swiss"]
[EventRounds "9"]
[EventCountry "ARM"]
[SourceTitle "EXT 2018"]
[Source "ChessBase"]
[SourceDate "2017.10.13"]
[SourceVersion "1"]
[SourceVersionDate "2017.10.13"]
[SourceQuality "1"]

1. d4 f5 2. g3 Nf6 3. Bg2 e6 4. c4 d5 5. b3 Bb4+ 6. Bd2 Be7 7. Bc3 0-0 8. f3 c5 9. e3 Nc6 10. Ne2 a6 11. 0-0 b5 12. cxb5 axb5 13. dxc5 Bxc5 14. Nd4 Qb6 15. Kh1 b4 16. Bb2 Ne7 17. f4 Nc6 18. h3 Ne4 19. Bxe4 fxe4 20. Kh2 Bxd4 21. Bxd4 Nxd4 22. Qxd4 Qxd4 23. exd4 Ba6 24. Rc1 Rfc8 25. Nd2 Bd3 26. Rc5 Rxc5 27. dxc5 Ra5 28. a4 Rxc5 29. Kg1 Rc2 30. Nf1 Rb2 31. a5 Ba6 32. f5 Kf7 33. Rc1 Bxf1 34. Kxf1 Rxb3 35. Rc7+ Kf6 36. fxe6 Kxe6 37. Rxg7 Ra3 38. Rxh7 Rxa5 39. Rb7 Ra3 40. Kf2 Rf3+ 41. Kg2 b3 42. h4 Rc3 43. h5 Rc2+ 44. Kh3 b2 45. h6 Rc1 46. Kg2 b1Q 47. h7 Rc2+ 48. Kh3 Qf1+ 0-1